000 00398nam a2200145Ia 4500
008 230917s9999||||xx |||||||||||||| ||und||
040 _e172620
_aMAIN
041 _aEnglish
082 _a891.432741 VH995S
100 _aव्यथित ह्रदय
245 0 _aसंध्या का सूर्य
260 _aदिल्ली
_bआशा
_c1979
300 _a128 p.
942 _cHN
999 _c49530
_d49530